000 00846nam a2200253Ia 4500
003 OSt
005 20220923224717.0
006 a|||||r|||| 00| 0
007 ta
008 220922b |||||||| |||| 00| 0 hin d
024 _a248,969
037 _cTextual
040 _aARTS
_cARTS
_bhin
041 _2hin
_ahin
082 _aO15,1D40,1:g, 152M1
100 _aशर्मा, देवीदत्त
245 0 _aरघुवंश
_b एक विश्लेषण
246 _aRaghuvansha: ek vishleṣhaṇa
260 _aनयी दिल्ली
_b देववाणी - परिषद्
_c1981
300 _a73पृ.
_ccm.
650 _aसंस्कृत साहित्य
942 _hO15,1D40,1:g, 152M1
_cTEXL
_2CC
999 _c373116
_d373116